[Event "16. Rusia tch HL"]
[Site "Dagomys RUS"]
[Date "2009.04.05"]
[Round "4.21"]
[White "Mozharov, Mikhail"]
[Black "Belikov, Vladimir"]
[Result "0-1"]
[WhiteElo "2475"]
[BlackElo "2505"]
[PlyCount "84"]
[EventDate "2009.04.02"]
[EventType "team"]
[EventRounds "8"]
[EventCountry "RUS"]
[Source "lmi"]
[SourceDate "2009.04.04"]

1. d4 g6 2. c4 Bg7 3. Nc3 d6 4. e4 Nc6 5. Be3 e5 6. d5 Nce7 7. c5 f5 8. Bb5+
Kf7 9. Nh3 h6 10. f4 fxe4 11. fxe5 Bxe5 12. O-O+ Kg7 13. Bd4 Bxh3 14. gxh3 Nf5
15. Bxe5+ dxe5 16. Nxe4 Nf6 17. Nxf6 Qxf6 18. Qg4 h5 19. Qe4 Qg5+ 20. Kh1 Qe3
21. Rae1 Qxe4+ 22. Rxe4 Kf6 23. Bd7 Rhd8 24. c6 bxc6 25. Bxc6 Rab8 26. b3 Rb6
27. b4 a6 28. a3 Rd6 29. a4 Rbxc6 30. dxc6 Rxc6 31. a5 Rc2 32. Rfe1 c5 33. Rxe5
cxb4 34. Re6+ Kf7 35. Rb6 Ra2 36. Re5 Nh4 37. Rbe6 b3 38. Re7+ Kf6 39. R7e6+
Kf7 40. Re7+ Kf6 41. R7e6+ Kg7 42. Re7+ Kh6 0-1

[Event "16. Rusia tch HL"]
[Site "Dagomys RUS"]
[Date "2009.04.05"]
[Round "4.22"]
[White "Kalugin, Sergey V"]
[Black "Shorokhov, Alexandr"]
[Result "1-0"]
[WhiteElo "2406"]
[BlackElo "2457"]
[PlyCount "107"]
[EventDate "2009.04.02"]
[EventType "team"]
[EventRounds "8"]
[EventCountry "RUS"]
[Source "lmi"]
[SourceDate "2009.04.04"]

1. e4 e6 2. d4 d5 3. Nc3 Nf6 4. Bg5 Be7 5. e5 Nfd7 6. Bxe7 Qxe7 7. f4 a6 8. Qd2
c5 9. Nf3 Nc6 10. dxc5 Nxc5 11. Bd3 O-O 12. O-O-O b5 13. Kb1 Bd7 14. Qe3 Nxd3
15. cxd3 f6 16. Rhe1 Rae8 17. g3 h6 18. Ne2 fxe5 19. Nxe5 Nxe5 20. Qxe5 g5 21.
Nd4 gxf4 22. gxf4 Qf6 23. Rg1+ Kh7 24. Nf3 Re7 25. Qd6 Be8 26. Ne5 Ra7 27. Rdf1
a5 28. Qb6 Qe7 29. f5 Rb7 30. Qd4 exf5 31. Qxd5 Bf7 32. Qf3 Be8 33. Qg2 Rb6 34.
Rxf5 Rbf6 35. Rxf6 Qxf6 36. Qe4+ Kh8 37. Qd4 Kh7 38. a3 Rg8 39. Qe4+ Kh8 40.
Rc1 b4 41. axb4 axb4 42. Qd4 Kh7 43. Rc7+ Rg7 44. Qe4+ Kh8 45. Ng4 Qg6 46. Rxg7
Qxe4 47. dxe4 Kxg7 48. Kc2 h5 49. Ne5 Bb5 50. Kd2 Kf6 51. Nf3 Bc4 52. Ke3 Ba2
53. h4 Bb1 54. Nd4 1-0

[Event "16. Rusia tch HL"]
[Site "Dagomys RUS"]
[Date "2009.04.05"]
[Round "4.23"]
[White "Belov, Igor"]
[Black "Belokrylov, Alex"]
[Result "0-1"]
[WhiteElo "2443"]
[BlackElo "2314"]
[PlyCount "78"]
[EventDate "2009.04.02"]
[EventType "team"]
[EventRounds "8"]
[EventCountry "RUS"]
[Source "lmi"]
[SourceDate "2009.04.04"]

1. Nf3 Nf6 2. c4 g6 3. Nc3 Bg7 4. e4 d6 5. d4 O-O 6. Be2 e5 7. d5 a5 8. Bg5 h6
9. Bh4 g5 10. Bg3 Nh5 11. h4 Nxg3 12. fxg3 g4 13. Nd2 h5 14. O-O Na6 15. Bd3 c6
16. Kh1 Qb6 17. c5 Qxb2 18. Rc1 Nxc5 19. Nc4 Qb4 20. a3 Qb3 21. Nxd6 Qxa3 22.
Nf5 Bxf5 23. exf5 e4 24. Nxe4 Qxd3 25. Nxc5 Qxg3 26. Qe1 Qxe1 27. Rcxe1 Bf6 28.
Nd7 Bxh4 29. Rb1 Rfe8 30. Rxb7 cxd5 31. g3 Bg5 32. f6 a4 33. Rf5 Bd2 34. Ne5 a3
35. Rxf7 Rxe5 36. Rg7+ Kf8 37. Rxe5 a2 38. Rxh5 a1=Q+ 39. Kg2 Qxf6 0-1

[Event "16. Rusia tch HL"]
[Site "Dagomys RUS"]
[Date "2009.04.05"]
[Round "4.25"]
[White "Landa, Konstantin"]
[Black "Sjugirov, Sanan"]
[Result "1-0"]
[WhiteElo "2627"]
[BlackElo "2588"]
[PlyCount "71"]
[EventDate "2009.04.02"]
[EventType "team"]
[EventRounds "8"]
[EventCountry "RUS"]
[Source "lmi"]
[SourceDate "2009.04.04"]

1. d4 d5 2. c4 e6 3. Nf3 Nf6 4. g3 Bb4+ 5. Bd2 Be7 6. Bg2 O-O 7. O-O c6 8. Bf4
b6 9. Nc3 Ba6 10. cxd5 cxd5 11. Rc1 Bb7 12. Ne5 Nfd7 13. e4 Nxe5 14. Bxe5 dxe4
15. Bxe4 Nc6 16. Bf4 Bd6 17. d5 exd5 18. Nxd5 Bxf4 19. Nxf4 Rc8 20. Qa4 Qf6 21.
Nd5 Qd6 22. Rfd1 Qe5 23. Re1 Qd6 24. Red1 Qe5 25. Re1 Qd6 26. Rcd1 Qb8 27. Bf5
Ne5 28. Bxh7+ Kh8 29. Be4 Nc4 30. Qd7 f5 31. Ne7 Ne5 32. Qxb7 fxe4 33. Qxb8
Nf3+ 34. Kf1 Rxb8 35. Ng6+ Kg8 36. Nxf8 1-0

[Event "16. Rusia tch HL"]
[Site "Dagomys RUS"]
[Date "2009.04.05"]
[Round "4.26"]
[White "Zontakh, Andrey"]
[Black "Khenkin, Igor"]
[Result "1/2-1/2"]
[WhiteElo "2581"]
[BlackElo "2630"]
[PlyCount "38"]
[EventDate "2009.04.02"]
[EventType "team"]
[EventRounds "8"]
[EventCountry "RUS"]
[Source "lmi"]
[SourceDate "2009.04.04"]

1. d4 Nf6 2. c4 e6 3. Nf3 d5 4. g3 dxc4 5. Bg2 Bb4+ 6. Bd2 a5 7. Qc2 Bxd2+ 8.
Qxd2 c6 9. a4 b5 10. axb5 cxb5 11. Qg5 O-O 12. Qxb5 Ba6 13. Qa4 Qb6 14. O-O
Qxb2 15. Nbd2 Bb5 16. Nxc4 Bxa4 17. Nxb2 Bb5 18. Ne5 Ra7 19. Bf3 Nbd7 1/2-1/2

[Event "16. Rusia tch HL"]
[Site "Dagomys RUS"]
[Date "2009.04.05"]
[Round "4.27"]
[White "Rakhmanov, Aleksandr"]
[Black "Vysochin, Spartak"]
[Result "1/2-1/2"]
[WhiteElo "2543"]
[BlackElo "2543"]
[PlyCount "87"]
[EventDate "2009.04.02"]
[EventType "team"]
[EventRounds "8"]
[EventCountry "RUS"]
[Source "lmi"]
[SourceDate "2009.04.04"]

1. c4 e5 2. Nf3 e4 3. Nd4 Nc6 4. Nxc6 dxc6 5. Nc3 Nf6 6. e3 Bf5 7. Qb3 Rb8 8.
Qc2 Qd7 9. b3 Bd6 10. h3 h5 11. Bb2 Be5 12. O-O-O Rd8 13. Na4 Bxb2+ 14. Nxb2
O-O 15. d4 c5 16. dxc5 Qe7 17. c6 bxc6 18. Be2 Rd6 19. Qc3 Rfd8 20. Qa5 Bg6 21.
Qxa7 Qe5 22. Rxd6 cxd6 23. Qd4 Qf5 24. Rf1 c5 25. Qd2 h4 26. Bd1 Qg5 27. Rg1 d5
28. Bc2 Qe5 29. Qa5 Rc8 30. Rd1 Qh2 31. cxd5 Qxg2 32. Nc4 Qxh3 33. Qe1 Rd8 34.
Qh1 Qg4 35. Ne5 Qh5 36. Nxg6 fxg6 37. Bxe4 Qe5 38. Bxg6 Qa1+ 39. Bb1 c4 40. Kd2
Qb2+ 41. Ke1 c3 42. Qxh4 c2 43. Bxc2 Qxc2 44. Qc4 1/2-1/2

[Event "16. Rusia tch HL"]
[Site "Dagomys RUS"]
[Date "2009.04.05"]
[Round "4.30"]
[White "Gladyszev, Oleg"]
[Black "Chernobay, Artem"]
[Result "1/2-1/2"]
[WhiteElo "2434"]
[BlackElo "2398"]
[PlyCount "31"]
[EventDate "2009.04.02"]
[EventType "team"]
[EventRounds "8"]
[EventCountry "RUS"]
[Source "lmi"]
[SourceDate "2009.04.04"]

1. d4 Nf6 2. c4 e6 3. Nc3 Bb4 4. Qc2 O-O 5. a3 Bxc3+ 6. Qxc3 d5 7. Nf3 dxc4 8.
Qxc4 b6 9. Bg5 Ba6 10. Qc2 Nbd7 11. e4 Bxf1 12. Rxf1 h6 13. Bh4 g5 14. Bg3 c5
15. Bd6 Re8 16. e5 1/2-1/2

[Event "16. Rusia tch HL"]
[Site "Dagomys RUS"]
[Date "2009.04.06"]
[Round "5.2"]
[White "Dyachkov, Sergej"]
[Black "Zontakh, Andrey"]
[Result "1/2-1/2"]
[WhiteElo "2568"]
[BlackElo "2581"]
[PlyCount "39"]
[EventDate "2009.04.02"]
[EventType "team"]
[EventRounds "8"]
[EventCountry "RUS"]
[Source "lmi"]
[SourceDate "2009.04.04"]

1. d4 Nf6 2. c4 e6 3. g3 d5 4. Bg2 Bb4+ 5. Bd2 Be7 6. Nf3 O-O 7. O-O c6 8. Qb3
b6 9. Nc3 Ba6 10. cxd5 cxd5 11. Rfc1 Bb7 12. Nb5 Nc6 13. Bf4 Ne4 14. Ne5 Nxe5
15. Bxe5 Nd6 16. Bxd6 Bxd6 17. Rc3 a6 18. Nxd6 Qxd6 19. Rac1 Rfc8 20. Rxc8+
1/2-1/2

[Event "16. Rusia tch HL"]
[Site "Dagomys RUS"]
[Date "2009.04.06"]
[Round "5.3"]
[White "Vysochin, Spartak"]
[Black "Iljushin, Alexei"]
[Result "1/2-1/2"]
[WhiteElo "2543"]
[BlackElo "2557"]
[PlyCount "56"]
[EventDate "2009.04.02"]
[EventType "team"]
[EventRounds "8"]
[EventCountry "RUS"]
[Source "lmi"]
[SourceDate "2009.04.04"]

1. e4 c5 2. c3 d5 3. exd5 Qxd5 4. d4 Nc6 5. Nf3 Bg4 6. Be2 cxd4 7. cxd4 e6 8.
Nc3 Qa5 9. d5 exd5 10. Nd4 Bd7 11. O-O Nf6 12. Bf4 Nxd4 13. Qxd4 Be7 14. Qe5
Qd8 15. Nxd5 Nxd5 16. Qxd5 Bc6 17. Qe5 O-O 18. Rad1 Qe8 19. Bd3 Bb4 20. Qh5 g6
21. Qh6 Rd8 22. a3 Bc5 23. Bg5 Be7 24. Be3 Rd5 25. Be2 Bc5 26. Rxd5 Bxe3 27.
Qxe3 Qxe3 28. fxe3 Bxd5 1/2-1/2

[Event "16. Rusia tch HL"]
[Site "Dagomys RUS"]
[Date "2009.04.06"]
[Round "5.4"]
[White "Shaposhnikov, Evgeny"]
[Black "Geller, Jakov"]
[Result "1-0"]
[WhiteElo "2549"]
[BlackElo "2525"]
[PlyCount "67"]
[EventDate "2009.04.02"]
[EventType "team"]
[EventRounds "8"]
[EventCountry "RUS"]
[Source "lmi"]
[SourceDate "2009.04.04"]

1. e4 c5 2. Nf3 d6 3. c3 Nf6 4. h3 g6 5. Bd3 Bg7 6. O-O O-O 7. Bc2 Nc6 8. d4
cxd4 9. cxd4 e5 10. d5 Nb4 11. Bb3 Nh5 12. Nc3 Nf4 13. Bxf4 exf4 14. Qd2 Qf6
15. Rfe1 Na6 16. e5 dxe5 17. Rxe5 Qd6 18. Ne4 Qd8 19. Qxf4 Bxe5 20. Nxe5 Kg7
21. d6 Be6 22. Bxe6 fxe6 23. Qd2 Rf5 24. Ng4 Rc8 25. Qd4+ e5 26. Qxa7 Qd7 27.
Qe3 Qe6 28. Rd1 Rd8 29. Qh6+ Kh8 30. Ng5 Qg8 31. Qh4 Nc5 32. Nh6 Rf4 33. Ngf7+
Kg7 34. Qg5 1-0

[Event "16. Rusia tch HL"]
[Site "Dagomys RUS"]
[Date "2009.04.06"]
[Round "5.6"]
[White "Kovchan, Alexander"]
[Black "Gladyszev, Oleg"]
[Result "1/2-1/2"]
[WhiteElo "2543"]
[BlackElo "2434"]
[PlyCount "122"]
[EventDate "2009.04.02"]
[EventType "team"]
[EventRounds "8"]
[EventCountry "RUS"]
[Source "lmi"]
[SourceDate "2009.04.04"]

1. e4 c5 2. Nf3 Nc6 3. d4 cxd4 4. Nxd4 Nf6 5. Nc3 e5 6. Ndb5 d6 7. Bg5 a6 8.
Na3 b5 9. Nd5 Be7 10. Bxf6 Bxf6 11. c4 b4 12. Nc2 O-O 13. Qf3 Bg5 14. h4 Bh6
15. g4 f6 16. Qg3 Be6 17. Rg1 Bxd5 18. exd5 Bf4 19. Qf3 Qa5 20. b3 Nb8 21. Nd4
Bh2 22. Rg2 exd4 23. Rxh2 Nd7 24. Bd3 Nc5 25. Kf1 Rae8 26. Rh1 f5 27. gxf5 Nxb3
28. Qh5 Nd2+ 29. Kg2 Ne4 30. Qg4 Nc5 31. f6 Qc7 32. Rh3 Nxd3 33. Rxd3 Rxf6 34.
Qxd4 Ref8 35. Re1 Rxf2+ 36. Qxf2 Rxf2+ 37. Kxf2 Qxc4 38. Rd2 Qxh4+ 39. Kf1 Qh3+
40. Ke2 Qh5+ 41. Kf1 Qf3+ 42. Kg1 Qg3+ 43. Kf1 h5 44. Ree2 h4 45. Rg2 Qf3+ 46.
Kg1 h3 47. Rgf2 Qg3+ 48. Kh1 a5 49. Rde2 Kh7 50. Rf5 Kg6 51. Rf8 Kg5 52. Rfe8
a4 53. R8e3 Qf4 54. Re1 Qf2 55. R1e2 Qf1+ 56. Kh2 b3 57. axb3 axb3 58. Rg3+ Kf4
59. Rb2 Ke5 60. Rgxb3 Kxd5 61. Rxh3 Qf4+ 1/2-1/2

[Event "16. Rusia tch HL"]
[Site "Dagomys RUS"]
[Date "2009.04.06"]
[Round "5.7"]
[White "Kononenko, Dmitry"]
[Black "Landa, Konstantin"]
[Result "1/2-1/2"]
[WhiteElo "2569"]
[BlackElo "2627"]
[PlyCount "43"]
[EventDate "2009.04.02"]
[EventType "team"]
[EventRounds "8"]
[EventCountry "RUS"]
[Source "lmi"]
[SourceDate "2009.04.04"]

1. e4 c6 2. d4 d5 3. Nc3 dxe4 4. Nxe4 Bf5 5. Ng3 Bg6 6. h4 h6 7. Nf3 Nd7 8. h5
Bh7 9. Bd3 Bxd3 10. Qxd3 e6 11. Bf4 Qa5+ 12. Bd2 Bb4 13. c3 Be7 14. c4 Qc7 15.
O-O-O Ngf6 16. Kb1 O-O 17. Qc2 Rfd8 18. Rh4 Nh7 19. Rh3 Nhf6 20. Rh4 Nh7 21.
Rh3 Nhf6 22. Rh4 1/2-1/2

[Event "16. Rusia tch HL"]
[Site "Dagomys RUS"]
[Date "2009.04.06"]
[Round "5.9"]
[White "Belikov, Vladimir"]
[Black "Rakhmanov, Aleksandr"]
[Result "1/2-1/2"]
[WhiteElo "2505"]
[BlackElo "2543"]
[PlyCount "116"]
[EventDate "2009.04.02"]
[EventType "team"]
[EventRounds "8"]
[EventCountry "RUS"]
[Source "lmi"]
[SourceDate "2009.04.04"]

1. d4 Nf6 2. Bg5 e6 3. e4 h6 4. Bxf6 Qxf6 5. Nc3 d6 6. Qd2 a6 7. f4 b6 8. Nf3
Bb7 9. Bd3 Nd7 10. O-O Qd8 11. e5 dxe5 12. fxe5 Be7 13. Ne2 c5 14. c3 O-O 15.
Rad1 Qc7 16. Bb1 Rfd8 17. Qf4 Nf8 18. Qg4 cxd4 19. cxd4 Rd7 20. Ng3 Rad8 21.
Be4 Bxe4 22. Nxe4 Nh7 23. h4 Qc6 24. a3 f5 25. exf6 Nxf6 26. Nxf6+ Bxf6 27.
Rfe1 Rd6 28. Re4 Qd5 29. Rf4 e5 30. Rf5 Qb3 31. Re1 exd4 32. Nd2 Qf7 33. Ne4
Re6 34. Ref1 Kh8 35. Nxf6 Rxf6 36. Rxf6 gxf6 37. Qf4 Qg6 38. Qxf6+ Qxf6 39.
Rxf6 Kg7 40. Rf1 h5 41. Rc1 Kf6 42. Kf2 Ke5 43. Rc7 d3 44. Ke1 Rg8 45. Rc6 b5
46. Rxa6 Rxg2 47. Ra5 Rxb2 48. a4 Kf4 49. Rxb5 Re2+ 50. Kd1 Kg4 51. Rb4+ Kg3
52. Rd4 Ra2 53. Rxd3+ Kxh4 54. Ke1 Rxa4 55. Kf2 Ra2+ 56. Kg1 Kg4 57. Rd4+ Kg3
58. Rd3+ Kg4 1/2-1/2

[Event "16. Rusia tch HL"]
[Site "Dagomys RUS"]
[Date "2009.04.06"]
[Round "5.11"]
[White "Belokrylov, Alex"]
[Black "Zabotin, Alexander"]
[Result "0-1"]
[WhiteElo "2314"]
[BlackElo "2486"]
[PlyCount "108"]
[EventDate "2009.04.02"]
[EventType "team"]
[EventRounds "8"]
[EventCountry "RUS"]
[Source "lmi"]
[SourceDate "2009.04.04"]

1. c4 e5 2. g3 Nf6 3. Bg2 c6 4. d4 exd4 5. Qxd4 d5 6. Nc3 Be6 7. cxd5 cxd5 8.
Nf3 Nc6 9. Qa4 Bc5 10. O-O h6 11. Bf4 O-O 12. Rac1 a6 13. Ne5 Qb6 14. Nxc6 bxc6
15. Qc2 Be7 16. Na4 Qb5 17. Qxc6 Qxe2 18. Qb7 Rae8 19. Nc3 Qh5 20. Qxa6 g5 21.
Bd6 Ra8 22. Qb6 Nd7 23. Qb4 Rfb8 24. Qxb8+ Rxb8 25. Bxb8 Nxb8 26. Nxd5 Bd8 27.
Rfd1 Kg7 28. b4 Nd7 29. b5 Ba5 30. a4 Bg4 31. Rd4 Ne5 32. b6 Nf3+ 33. Bxf3 Bxf3
34. h4 gxh4 35. Nf4 Qe5 36. Rd3 Be4 37. Rb3 Bb7 38. Kh2 Qd4 39. Rc7 Qxf2+ 40.
Kh3 Bf3 41. Rxf3 Qxf3 42. Kxh4 Bxb6 43. Rd7 Kf8 44. Rd3 Qc6 45. Kg4 Qxa4 46.
Rd6 Bf2 47. Rxh6 Qd1+ 48. Kh4 Qh1+ 49. Kg5 Qf3 50. Kf6 Bd4+ 51. Kf5 Qxg3 52.
Rc6 Qf3 53. Rc8+ Kg7 54. Re8 Be3 0-1

[Event "16. Rusia tch HL"]
[Site "Dagomys RUS"]
[Date "2009.04.06"]
[Round "5.12"]
[White "Paveliev, Alexey"]
[Black "Simonian, Hrair"]
[Result "0-1"]
[WhiteElo "2391"]
[BlackElo "2504"]
[PlyCount "120"]
[EventDate "2009.04.02"]
[EventType "team"]
[EventRounds "8"]
[EventCountry "RUS"]
[Source "lmi"]
[SourceDate "2009.04.04"]

1. e4 c5 2. Nf3 e6 3. d4 cxd4 4. Nxd4 a6 5. Bd3 Bc5 6. Nb3 Be7 7. Be3 d6 8. a4
Nf6 9. N1d2 Nc6 10. a5 d5 11. Bb6 Qd7 12. Nc5 Qd6 13. O-O Nxa5 14. Bxa5 Qxc5
15. e5 Nd7 16. Nb3 Qa7 17. Qg4 O-O 18. Rae1 Nc5 19. Nxc5 Bxc5 20. Bd2 f5 21.
exf6 Rxf6 22. Qh5 g6 23. Qh4 Rf7 24. b4 Bd4 25. c3 Bg7 26. Be3 Qb8 27. c4 Bd7
28. Bg5 Qd6 29. cxd5 exd5 30. Re3 b6 31. h3 a5 32. bxa5 bxa5 33. Re7 Rxe7 34.
Bxe7 Qe5 35. Bb1 Bb5 36. Rc1 Bc4 37. Ba3 a4 38. Qg4 Re8 39. Qd7 Bh6 40. Rd1 Bf4
41. Bb4 Bb3 42. Rf1 Qe6 43. Qa7 Bb8 44. Qc5 Bc4 45. Rd1 Qe2 46. Rc1 Bf4 47.
Bxg6 hxg6 48. Ra1 Qb2 49. Rd1 Qe2 50. Ra1 Qe5 51. Rd1 Bb3 52. Rf1 d4 53. Qc6
Qe6 54. Qf3 Qf7 55. h4 Be5 56. Qg4 Qf5 57. Qxf5 gxf5 58. Re1 Bh2+ 59. Kxh2 Rxe1
60. Bxe1 a3 0-1

[Event "16. Rusia tch HL"]
[Site "Dagomys RUS"]
[Date "2009.04.06"]
[Round "5.15"]
[White "Kashlinskaya, Alina"]
[Black "Nagibin, George"]
[Result "0-1"]
[WhiteElo "2344"]
[BlackElo "2386"]
[PlyCount "92"]
[EventDate "2009.04.02"]
[EventType "team"]
[EventRounds "8"]
[EventCountry "RUS"]
[Source "lmi"]
[SourceDate "2009.04.04"]

1. d4 Nf6 2. Nf3 g6 3. c4 Bg7 4. g3 O-O 5. Bg2 d6 6. Nc3 Nc6 7. O-O Bf5 8. d5
Na5 9. Nd4 Bd7 10. b3 c5 11. dxc6 bxc6 12. Bb2 Rb8 13. Rb1 c5 14. Nc2 Nc6 15.
Qd2 Qc8 16. Rfd1 Rd8 17. Nd5 Nxd5 18. Bxg7 Kxg7 19. cxd5 Nb4 20. Ne3 Na6 21.
Rdc1 f6 22. Nc4 Nc7 23. Re1 Nb5 24. e3 Qa6 25. a4 Nc7 26. Bf1 Qb7 27. e4 Qb4
28. Qc2 Bc8 29. f4 e5 30. Bd3 Ba6 31. Rf1 Bxc4 32. Bxc4 Rf8 33. Rf3 Na8 34.
Rbf1 exf4 35. Rxf4 Nb6 36. g4 Nd7 37. h4 Ne5 38. h5 g5 39. h6+ Kg8 40. Rf5 Nxg4
41. Qc1 Kh8 42. Kh1 Rfe8 43. Qd1 Rxe4 44. Qf3 Qd2 45. Qg3 Rg8 46. Qxd6 Rf4 0-1

[Event "16. Rusia tch HL"]
[Site "Dagomys RUS"]
[Date "2009.04.06"]
[Round "5.16"]
[White "Shorokhov, Alexandr"]
[Black "Kozlov, Gennady"]
[Result "1-0"]
[WhiteElo "2457"]
[BlackElo "2265"]
[PlyCount "93"]
[EventDate "2009.04.02"]
[EventType "team"]
[EventRounds "8"]
[EventCountry "RUS"]
[Source "lmi"]
[SourceDate "2009.04.04"]

1. c4 f5 2. Nf3 Nf6 3. g3 g6 4. Bg2 Bg7 5. O-O O-O 6. Nc3 d6 7. d4 Qe8 8. d5 a5
9. Nd4 Na6 10. b3 Kh8 11. Bb2 Bd7 12. a3 c6 13. Rc1 Rd8 14. Qc2 e5 15. dxe6
Bxe6 16. Rfe1 d5 17. Nxe6 Qxe6 18. cxd5 cxd5 19. Na4 Ne4 20. Bxg7+ Kxg7 21. Qd3
Rf7 22. b4 axb4 23. axb4 d4 24. b5 Nb4 25. Qc4 Qxc4 26. Rxc4 Na2 27. Bxe4 fxe4
28. Ra1 d3 29. Rxa2 d2 30. Nc3 d1=Q+ 31. Nxd1 Rxd1+ 32. Kg2 e3 33. f4 Rd2 34.
Rxd2 exd2 35. Rd4 Rf5 36. Rxd2 Rxb5 37. Rd7+ Kg8 38. g4 Rb2 39. Kf3 b5 40. f5
gxf5 41. gxf5 b4 42. Rb7 b3 43. h4 Rb1 44. Kf4 Rb2 45. e4 Rb1 46. Ke5 b2 47.
Kf6 1-0

[Event "16. Rusia tch HL"]
[Site "Dagomys RUS"]
[Date "2009.04.06"]
[Round "5.17"]
[White "Oparin, Grigoriy"]
[Black "Glotov, Mikhail"]
[Result "1/2-1/2"]
[WhiteElo "2257"]
[BlackElo "2345"]
[PlyCount "173"]
[EventDate "2009.04.02"]
[EventType "team"]
[EventRounds "8"]
[EventCountry "RUS"]
[Source "lmi"]
[SourceDate "2009.04.04"]

1. e4 c5 2. Nf3 d6 3. d4 cxd4 4. Nxd4 Nf6 5. Nc3 g6 6. Be3 Bg7 7. f3 Nc6 8. Qd2
O-O 9. g4 Be6 10. O-O-O Nxd4 11. Bxd4 Qa5 12. Kb1 Rfc8 13. a3 Rab8 14. Nd5 Qxd2
15. Nxf6+ Bxf6 16. Rxd2 Bxd4 17. Rxd4 Rc5 18. Bd3 b5 19. h4 h6 20. Rg1 g5 21.
Rh1 Kg7 22. Kc1 Kf6 23. Kd2 Rb6 24. hxg5+ hxg5 25. c3 Bb3 26. Bb1 a5 27. Ke3
Rb8 28. Rh6+ Ke5 29. Rh5 Ke6 30. Bd3 Kd7 31. Be2 f6 32. Rh1 Bc4 33. b4 Rc7 34.
Bxc4 bxc4 35. Rb1 Rbb7 36. b5 Rc5 37. a4 Rb8 38. Rh1 Ke6 39. Rh7 Re8 40. Rd1
Rec8 41. Rd2 Rd8 42. Kd4 Rcc8 43. Re2 Rd7 44. Rh6 Rdd8 45. Reh2 Re8 46. Rh7
Red8 47. R7h6 Rg8 48. Rb2 Rc5 49. Rh1 Rb8 50. Rbh2 Rcc8 51. Rh6 Kd7 52. Rh7 Ke6
53. R1h6 Ra8 54. Rg6 Rab8 55. Rh5 Kf7 56. Rgh6 Ra8 57. Rh7+ Ke6 58. R5h6 Rab8
59. Rg7 Rc5 60. Rgh7 Rcc8 61. Rh1 Kd7 62. R1h2 Ke6 63. Ke3 Rg8 64. Rd2 Kd7 65.
Rd5 Ke6 66. Kd4 Rgc8 67. Rf5 Rc7 68. Ke3 Rcc8 69. Rd5 Rg8 70. Rh1 Kd7 71. Rd4
Rgc8 72. Rd2 Rg8 73. Rh5 Ke6 74. Rd1 Kd7 75. Rb1 Rb6 76. Kd4 Rc8 77. Rh7 Rb7
78. Rbh1 Rbb8 79. R1h6 Ke6 80. Rg7 Rc5 81. Ke3 Rd8 82. Rgh7 Rcc8 83. Kd4 Rg8
84. Rh5 Rgd8 85. R7h6 Kd7 86. Ke3 Rg8 87. Kd4 1/2-1/2

[Event "16. Rusia tch HL"]
[Site "Dagomys RUS"]
[Date "2009.04.06"]
[Round "5.19"]
[White "Kokarev, Dmitry"]
[Black "Popov, Ivan"]
[Result "1-0"]
[WhiteElo "2603"]
[BlackElo "2568"]
[PlyCount "77"]
[EventDate "2009.04.02"]
[EventType "team"]
[EventRounds "8"]
[EventCountry "RUS"]
[Source "lmi"]
[SourceDate "2009.04.04"]

1. e4 e5 2. Nf3 Nc6 3. Bb5 a6 4. Bxc6 dxc6 5. O-O f6 6. d4 exd4 7. Nxd4 c5 8.
Ne2 Qxd1 9. Rxd1 Bd7 10. Nbc3 O-O-O 11. Be3 b6 12. Rd2 Re8 13. Rad1 Bc6 14. f3
Ne7 15. Nf4 Ng6 16. Nh5 Rg8 17. Nd5 Kb7 18. b3 Bd6 19. g4 Ne7 20. Nxe7 Rxe7 21.
Bf4 Bxf4 22. Nxf4 g6 23. Rd8 Rxd8 24. Rxd8 f5 25. exf5 gxf5 26. Kf2 fxg4 27.
fxg4 Re4 28. Rf8 c4 29. g5 c3 30. Rf7 b5 31. h4 Rd4 32. Ne6 Rd6 33. Re7 Kb6 34.
Ke3 Bd7 35. Nd4 c5 36. Ne2 b4 37. Rxh7 Ka5 38. Rxd7 Rxd7 39. g6 1-0

[Event "16. Rusia tch HL"]
[Site "Dagomys RUS"]
[Date "2009.04.06"]
[Round "5.20"]
[White "Gasanov, Eldar"]
[Black "Maletin, Pavel"]
[Result "1-0"]
[WhiteElo "2551"]
[BlackElo "2559"]
[PlyCount "107"]
[EventDate "2009.04.02"]
[EventType "team"]
[EventRounds "8"]
[EventCountry "RUS"]
[Source "lmi"]
[SourceDate "2009.04.04"]

1. d4 Nf6 2. c4 e6 3. Nc3 Bb4 4. Qc2 d5 5. cxd5 Qxd5 6. Nf3 Qf5 7. Qb3 Nc6 8.
Bd2 O-O 9. h3 a5 10. g4 Qg6 11. a3 Bxc3 12. bxc3 a4 13. Qb2 Qe4 14. Bg2 Qd5 15.
O-O Na5 16. Ne5 Qb3 17. Qc1 Nd7 18. Rb1 Qa2 19. Ra1 Qb3 20. c4 Nxe5 21. dxe5
Qb6 22. Qc3 Bd7 23. Rab1 Nb3 24. Be3 Qa6 25. Be4 Bc6 26. Bc2 Rfd8 27. Rfd1 b5
28. cxb5 Qxb5 29. Bd3 Qb7 30. Qc2 h6 31. f3 Kh8 32. Kf2 Bd5 33. g5 h5 34. g6 c5
35. gxf7 Qxf7 36. Rg1 Nd4 37. Bxd4 cxd4 38. Qd2 Rf8 39. Qg5 Rac8 40. Bg6 Qf4
41. Qxh5+ Qh6 42. Qxh6+ gxh6 43. Rb4 Rc4 44. Rxc4 Bxc4 45. Rc1 Bb3 46. Rc7 Rb8
47. Rd7 Bd5 48. Ra7 Bb3 49. Be4 Rb5 50. f4 Rc5 51. Rd7 Rc3 52. Rxd4 Kg7 53. Bd3
Rc1 54. Bb5 1-0

[Event "16. Rusia tch HL"]
[Site "Dagomys RUS"]
[Date "2009.04.06"]
[Round "5.21"]
[White "Kryakvin, Dmitry"]
[Black "Zlochevskij, Alexander"]
[Result "1-0"]
[WhiteElo "2583"]
[BlackElo "2501"]
[PlyCount "97"]
[EventDate "2009.04.02"]
[EventType "team"]
[EventRounds "8"]
[EventCountry "RUS"]
[Source "lmi"]
[SourceDate "2009.04.04"]

1. e4 e6 2. d4 d5 3. Nc3 Nf6 4. e5 Nfd7 5. f4 c5 6. Nf3 Nc6 7. Be3 Be7 8. Qd2
a6 9. Be2 b5 10. a3 Bb7 11. O-O Qc7 12. Nd1 f5 13. exf6 gxf6 14. a4 b4 15. Nf2
O-O-O 16. c3 Rhg8 17. Nd3 bxc3 18. bxc3 Na5 19. Qc2 Nc4 20. Bf2 Bd6 21. Rae1
Rde8 22. Kh1 Re7 23. dxc5 Nxc5 24. Nxc5 Bxc5 25. Bxc5 Qxc5 26. Bd3 Kb8 27. Nd4
e5 28. Nf5 Rc7 29. fxe5 fxe5 30. Bxc4 dxc4 31. Ng3 Rcg7 32. Re2 h5 33. Qf5 h4
34. Ne4 Qd5 35. Kg1 Ka8 36. h3 Qd3 37. Rff2 Qd1+ 38. Kh2 Qd3 39. Qxe5 Rd7 40.
Rd2 Rd5 41. Qe6 Qxe4 42. Qxg8+ Ka7 43. Rxd5 Bxd5 44. Qg7+ Kb6 45. Rb2+ Kc6 46.
Qb7+ Kd6 47. Rb6+ Kc5 48. Qc7+ Bc6 49. Rxc6+ 1-0

[Event "16. Rusia tch HL"]
[Site "Dagomys RUS"]
[Date "2009.04.06"]
[Round "5.22"]
[White "Gabrielian, Artur"]
[Black "Iljin, Artem"]
[Result "1/2-1/2"]
[WhiteElo "2462"]
[BlackElo "2572"]
[PlyCount "71"]
[EventDate "2009.04.02"]
[EventType "team"]
[EventRounds "8"]
[EventCountry "RUS"]
[Source "lmi"]
[SourceDate "2009.04.04"]

1. e4 c5 2. Nf3 e6 3. d4 cxd4 4. Nxd4 a6 5. Nc3 Qc7 6. Be2 b5 7. Bf3 Bb7 8. O-O
Nc6 9. Nxc6 dxc6 10. a4 Nf6 11. g3 e5 12. axb5 axb5 13. Rxa8+ Bxa8 14. Bg2 Be7
15. f4 O-O 16. Qe2 Bb7 17. Nd1 c5 18. fxe5 Qxe5 19. Qxb5 Bxe4 20. Re1 Qd4+ 21.
Be3 Qd6 22. Bf4 Qd4+ 23. Nf2 Bxg2 24. Kxg2 Nd5 25. Bc1 Qb4 26. Qe2 c4 27. c3
Qc5 28. Qf3 Nc7 29. Qb7 Ne6 30. Ne4 Qe5 31. Qc6 Kh8 32. Be3 Qb8 33. Qxc4 Qxb2+
34. Qe2 Qb7 35. Qf3 Qc7 36. Bd4 1/2-1/2